000 00575nam a2200205Ia 4500
005 20250508163503.0
008 008 250505s9999 xx 000 0 eng d
020 _a0-19-503692-1
037 _aTextual
040 _aFEDL
_beng
_cFEDL
041 _aeng
_2eng
084 _a371, ELB
_qFEDL
100 _aElbow Peter
245 0 _aEmbracing contraries : Explorations in learning and teaching
260 _aNew York, USA
_bOxford University Press
_c1986
300 _axv,314p
650 _aTeaching
942 _cTEXL
_h371, ELB
999 _c1383633
_d1383633